000 01255nam a2200229 i 4500
001 190108
003 ES-MaACL
005 20230906223637.0
008 200729s1863 sp |||| | spa d
080 _a061.48(460.33 Lorca)
110 2 _aSociedad Económica de Amigos del País de Lorca.
_9170216
245 1 0 _aLa esposición [sic] agrícola e industrial de Lorca en 1863 /
_cSociedad Económica de Amigos del País de Lorca.
260 _aLorca :
_b[s.n.],
_c1863 (
_fImp. de J. B.ª Campoy)
300 _a8, 47, 11 p. ;
_c22 cm.
505 8 _aContiene: Memoria leída por el sr. vice-director de la Sociedad Económica de Amigos del País de esta ciudad, en la sesión pública celebrada en 20 de diciembre de 1863, de acuerdo con lo prevenido en el artículo 60 de los Estatutos generales (8 p.) . Lista nominal de los ss. espositores [sic] que han obtenido premios (11 p.)
530 _aDisponible en formato digital.
610 2 4 _aSociedad Económica de Amigos del País de Lorca.
_9170216
611 2 _aExposición agrícola e industrial.
_d(1863.
_cLorca)
_9176205
650 4 _aFerias agrícolas.
_9170217
852 4 _aES-MaACL
_jT-82-F-11
856 4 _uhttp://bdh-rd.bne.es/viewer.vm?id=0000115761&page=1
_zBiblioteca Digital Hispánica
999 _c190108
_d190108